000 00635nam a2200181 4500
001 111278
003 ES-MaACL
005 20250829062532.0
007 t|
008 061121s1976 sp r ||||1| spa d
100 1 _aNegrín Fajardo, Olegario.
_985310
245 1 3 _aEl juego infantil y la educación /
_cOlegario Negrín Fajardo.
260 _aMadrid :
_bUniversidad Nacional de Educación a Distancia,
_c1976.
500 _aEs tirada aparte de `Studia Humanistica`, vol. I, 1976.
710 2 _aUniversidad Nacional de Educación a Distancia (España)
_97405
852 _aES-MaACL
_j2112-F-13
_bR.99351
999 _c111278
_d111278